000 00836nam a22002177a 4500
999 _c15357
_d15357
003 AR-CdUCM
008 190426b ||||| |||| 00| 0 spa d
020 _a978-607-404-979-4
040 _aMUNICIPALIDAD PROVINCIAL DEL CUSCO
_cBIBLIOTECA MUNICIPAL DEL CUSCO
082 _aPI / 376.1 /
_bI45
245 _aMi cajita de animales acuáticos /
260 _aMéxico :
_bSilver Dolphin,
_c2014.
300 _bIlustraciones de animales acuáticos,
_c32 cm.
500 _aNo cuenta con numeración de paginas
505 _aContenido: v.1: Los animales del mar -- v.2: Los grandes animales marinos -- v.3: Los animales del estanque -- v.4: Los animales del río.
650 _aAnimales acuáticos
_920007
650 _aLiteratura infantil
_9588
650 _aPrimera infancia
_924660
942 _2ddc
_cLIBROS
945 _adavv
_d26/04/2019